000 01002nam a22002897a 4500
001 7374
003 FISKH
005 20250711092625.0
008 250711b cb ||||| |||| 00| 0 eng d
020 _a9780439944045
040 _aFISKH
_beng
_cFISKH
_dFISKH
050 _aDA550 .D43
082 _a941.081
100 _aDeary, Terry
245 _aVile victorians /
_cBy Terry Deary : Illustrated By Martin Brown
260 _aNew York :
_bScholastic ,
_c1994.
300 _a141 pages :
_billustrations ;
_c20 cm .
490 _aHorrible Histories
505 _aR
520 _aAll the foul facts about the Vile Victorians are ready to be uncovered, including: the murderers who wouldn't hang, when the first public loo was flushed and how stag hunting took place in Paddington Station.
521 8 _a660
_bLexile estimate
521 8 _aR
_bRaz-Plus
650 _aVictorian
_vNon-fiction
700 _aBrown, Martin
_eIllustration
942 _2ddc
_cBK
_n0
999 _c7374
_d7374